000 00299nam a2200121Ia 4500
008 220204s9999 xx 000 0 und d
082 _a613.2
_bMCD
100 _aMcdermot, Irene E
245 0 _aFood for modern living
260 _aPhiladelphia
_bJ B Lippincott
_c1973
650 _aFood
942 _cBK
999 _c31608
_d31608